| 000 | 00532nam a2200181Ia 4500 | ||
|---|---|---|---|
| 003 | GCL | ||
| 008 | 140319s9999 xx 000 0 ara d | ||
| 040 |
_aGCL / _cGCL |
||
| 082 | 0 | 4 |
_aد _b050 |
| 100 | 1 | _aعلاء صادق | |
| 245 | 1 | 0 |
_aالرياضة والاحتراف ( اقرا 565 ) / _cعلاء صادق |
| 300 | _a108 ص | ||
| 490 |
_aوثائق ونصوص _v0 |
||
| 650 | 0 | 4 | _aالرياضة البدنية |
| 650 | 0 | 4 | _aالالعاب الرياضية |
| 650 | 0 | 4 | _aالاحتراف والرياضة |
| 942 |
_2ddc _cCF |
||
| 999 |
_c27322 _d27322 |
||